| 000 | 00898cam a2200205 4500 | ||
|---|---|---|---|
| 001 | ABS63331 | ||
| 008 | 000000n2000 000 0 eng u | ||
| 035 | _a(Sirsi) u110227 | ||
| 100 | _aMarks, D. | ||
| 245 | _aReform of EC procurement law | ||
| 260 | _c2000 | ||
| 490 |
_aCMS Cameron Mckenna Construction Law Bulletin _vWinter 2000, 6-8(3) |
||
| 520 | _aReviews proposals for reforming EC procurement law, involving consolidation and simplification of the substantial rules and reducing the number of directives to two. The proposals introduce electronic purchasing mechanism, simplify the value thresholds of the regime, make greater reference to performance standards and will refer to the Common Procurement Vocabulary (CPC) as the reference nomenclature. | ||
| 590 | _aABS | ||
| 650 | _aEC LAW | ||
| 650 | _aProcurement-old | ||
| 650 | _aCOMPETITION | ||
| 690 | _aLAW | ||
| 942 | _n0 | ||
| 999 |
_c65732 _d65732 |
||